000 00544cam a22001814a 4500
005 20250901165547.0
008 070227s2007 enka b 001 0 eng
010 _a 2007008455
020 _a9780199286416
050 0 0 _aHB171 .L715 2007
_b.L715 2007
082 0 0 _a330
_222
100 1 _aLipsey, Richard G.,
_d1928-
245 1 0 _aEconomics /
_c[Richard G.] Lipsey & [K. Alec] Chrystal.
250 _a11th ed.
260 _aOxford ;
_aNew York :
_bOxford University Press,
_c2007.
300 _axix, 665 p. :
_bcol. ill. ;
_c26 cm.
942 _2ddc
999 _c5866
_d5866